What Was the Best Movie of 2023? - Statistics

General Stats
  • This quiz has been taken 42 times
  • The average score is 34 of 153
Answer Stats
Question Tile Select % Correct
What was your favorite comedic movie of the year? Strays No
92%
What was your favorite animated movie of the year? Ruby Gillman, Teenage Kraken No
89%
What was your favorite musical film of the year? The Color Purple No
86%
What was your favorite kids movie of the year? The Little Mermaid No
83%
What was your favorite fantastical film of 2023? Indiana Jones and the Dial of Destiny No
81%
What was your favorite science fiction movie of the year? The Flash No
78%
What was your favorite criminal film of the year? A Haunting in Venice No
75%
What was your favorite dramatic movie of the year? Creed III No
72%
What was your favorite superhero film of the year? The Marvels No
72%
What was your favorite romantic film of the year? You People No
72%
What was favorite action-oriented film of the year? Blue Beetle No
67%
What was your favorite non-English film of the year? Perfect Lives No
67%
What was your favorite Netflix movie of the year? Your Place or Mine No
67%
What was your favorite Disney movie of the year? Elemental No
64%
What was your favorite dramatic movie of the year? Oppenheimer Yes
64%
What was your favorite thrilling movie of the year? Five Nights at Freddy's No
58%
What was your favorite Disney movie of the year? Guardians of the Galaxy Vol. 3 Yes
58%
What was your favorite comedic movie of the year? Barbie Yes
56%
What was your favorite animated movie of the year? Spider-Man: Across the Spider-Verse Yes
56%
What was your favorite science fiction movie of the year? Guardians of the Galaxy Vol. 3 Yes
53%
What was your favorite independent film of the year? Saltburn No
53%
What was your favorite superhero film of the year? Spider-Man: Across the Spider-Verse Yes
53%
What was your favorite musical film of the year? Barbie Yes
50%
What was your favorite kids movie of the year? Spider-Man: Across the Spider-Verse Yes
50%
What was your favorite Christianity-based film of the year? Big George Foreman No
47%
What was your favorite thrilling movie of the year? Oppenheimer Yes
44%
What was your favorite fantastical film of 2023? Spider-Man: Across the Spider-Verse Yes
44%
What was your favorite musical film of the year? Spider-Man: Across the Spider-Verse Yes
42%
What was your favorite fantastical film of 2023? Barbie Yes
39%
What was your favorite non-English film of the year? Godzilla: Minus One Yes
39%
What was favorite action-oriented film of the year? The Super Mario Bros. Movie Yes
39%
What was your favorite superhero film of the year? Guardians of the Galaxy Vol. 3 Yes
36%
What was your favorite criminal film of the year? Killers of the Flower Moon Yes
33%
What was your favorite kids movie of the year? Barbie Yes
31%
What was your favorite comedic movie of the year? Dungeons and Dragons: Honor Among Thieves Yes
31%
What was your favorite criminal film of the year? John Wick: Chapter 4 Yes
31%
What was your favorite romantic film of the year? Anyone But You Yes
28%
What was your favorite non-English film of the year? Past Lives Yes
28%
What was your favorite romantic film of the year? Poor Things Yes
28%
What was your favorite science fiction movie of the year? Asteroid City Yes
25%
What was your favorite fantastical film of 2023? Dungeons and Dragons: Honor Among Thieves Yes
25%
What was your favorite Netflix movie of the year? Extraction 2 Yes
25%
What was your favorite animated movie of the year? The Super Mario Bros. Movie Yes
25%
What was your favorite fantastical film of 2023? Wonka Yes
25%
What was your favorite romantic film of the year? Asteroid City Yes
22%
What was your favorite romantic film of the year? Elemental Yes
22%
What was your favorite animated movie of the year? The Boy and the Heron Yes
22%
What was your favorite non-English film of the year? The Boy and the Heron Yes
22%
What was your favorite independent film of the year? The Iron Claw Yes
22%
What was your favorite comedic movie of the year? Asteroid City Yes
19%
What was your favorite animated movie of the year? Elemental Yes
19%
What was your favorite Christianity-based film of the year? Jesus Revolution Yes
19%
What was your favorite independent film of the year? Past Lives Yes
19%
What was your favorite independent film of the year? Poor Things Yes
19%
What was your favorite kids movie of the year? The Super Mario Bros. Movie Yes
19%
What was your favorite musical film of the year? Wonka Yes
19%
What was your favorite Netflix movie of the year? You Are So Not Invited to My Bat Mitzvah! Yes
19%
What was your favorite independent film of the year? Asteroid City Yes
17%
What was your favorite criminal film of the year? Blue Beetle Yes
17%
What was your favorite Christianity-based film of the year? His Only Son Yes
17%
What was your favorite Netflix movie of the year? Murder Mystery 2 Yes
17%
What was your favorite thrilling movie of the year? Scream VI Yes
17%
What was favorite action-oriented film of the year? Shazam! Fury of the Gods Yes
17%
What was your favorite Christianity-based film of the year? Sound of Freedom Yes
17%
What was your favorite Disney movie of the year? The Little Mermaid Yes
17%
What was your favorite musical film of the year? The Little Mermaid Yes
17%
What was your favorite science fiction movie of the year? The Marvels Yes
17%
What was your favorite comedic movie of the year? The Super Mario Bros. Movie Yes
17%
What was favorite action-oriented film of the year? Transformers: Rise of the Beasts Yes
17%
What was your favorite independent film of the year? Bottoms Yes
14%
What was your favorite comedic movie of the year? Cocaine Bear Yes
14%
What was your favorite kids movie of the year? Elemental Yes
14%
What was favorite action-oriented film of the year? Extraction 2 Yes
14%
What was your favorite Netflix movie of the year? Family Switch Yes
14%
What was your favorite Netflix movie of the year? Heart of Stone Yes
14%
What was your favorite criminal film of the year? Murder Mystery 2 Yes
14%
What was your favorite criminal film of the year? The Killer Yes
14%
What was your favorite fantastical film of 2023? The Little Mermaid Yes
14%
What was your favorite fantastical film of 2023? The Super Mario Bros. Movie Yes
14%
What was your favorite dramatic movie of the year? A Good Person Yes
11%
What was your favorite dramatic movie of the year? American Fiction Yes
11%
What was your favorite science fiction movie of the year? Ant-Man and the Wasp: Quantumania Yes
11%
What was your favorite fantastical film of 2023? Blue Beetle Yes
11%
What was your favorite thrilling movie of the year? Cocaine Bear Yes
11%
What was favorite action-oriented film of the year? Fast X Yes
11%
What was your favorite Disney movie of the year? Haunted Mansion Yes
11%
What was your favorite Christianity-based film of the year? Journey to Bethlehem Yes
11%
What was your favorite romantic film of the year? Love Again Yes
11%
What was your favorite superhero film of the year? Shazam! Fury of the Gods Yes
11%
What was your favorite independent film of the year? Sound of Freedom Yes
11%
What was your favorite superhero film of the year? Teenage Mutant Ninja Turtles: Mutant Mayhem Yes
11%
What was your favorite science fiction movie of the year? Transformers: Rise of the Beasts Yes
11%
What was your favorite independent film of the year? American Fiction Yes
8%
What was your favorite fantastical film of 2023? Aquaman and the Lost Kingdom Yes
8%
What was your favorite dramatic movie of the year? Gran Turismo Yes
8%
What was your favorite thrilling movie of the year? Haunted Mansion Yes
8%
What was your favorite Netflix movie of the year? Leo Yes
8%
What was your favorite criminal film of the year? Luther: The Fallen Sun Yes
8%
What was favorite action-oriented film of the year? Meg 2: The Trench Yes
8%
What was favorite action-oriented film of the year? Operation Fortune: Ruse du Guerre Yes
8%
What was your favorite comedic movie of the year? Paint Yes
8%
What was your favorite Disney movie of the year? Peter Pan and Wendy Yes
8%
What was your favorite romantic film of the year? Shotgun Wedding Yes
8%
What was your favorite criminal film of the year? Shotgun Wedding Yes
8%
What was your favorite non-English film of the year? Sisu Yes
8%
What was your favorite kids movie of the year? Teenage Mutant Ninja Turtles: Mutant Mayhem Yes
8%
What was your favorite Christianity-based film of the year? The Hill Yes
8%
What was your favorite Disney movie of the year? The Marvels Yes
8%
What was your favorite animated movie of the year? Trolls Band Together Yes
8%
What was your favorite science fiction movie of the year? 65 Yes
6%
What was your favorite thrilling movie of the year? 65 Yes
6%
What was your favorite superhero film of the year? Ant-Man and the Wasp: Quantumania Yes
6%
What was your favorite superhero film of the year? Aquaman and the Lost Kingdom Yes
6%
What was your favorite superhero film of the year? Blue Beetle Yes
6%
What was your favorite musical film of the year? Dicks: The Musical Yes
6%
What was your favorite independent film of the year? Dream Scenario Yes
6%
What was your favorite kids movie of the year? Family Switch Yes
6%
What was your favorite Disney movie of the year? Flamin' Hot Yes
6%
What was your favorite non-English film of the year? Full River Red Yes
6%
What was your favorite romantic film of the year? Ghosted Yes
6%
What was your favorite science fiction movie of the year? M3GAN Yes
6%
What was your favorite thrilling movie of the year? M3GAN Yes
6%
What was your favorite thrilling movie of the year? Meg 2: The Trench Yes
6%
What was your favorite comedic movie of the year? Migration Yes
6%
What was your favorite animated movie of the year? Migration Yes
6%
What was your favorite dramatic movie of the year? Napoleon Yes
6%
What was your favorite dramatic movie of the year? Next Goal Wins Yes
6%
What was your favorite Christianity-based film of the year? On A Wing and A Prayer Yes
6%
What was your favorite kids movie of the year? Spy Kids: Armageddon Yes
6%
What was your favorite Netflix movie of the year? Spy Kids: Armageddon Yes
6%
What was your favorite non-English film of the year? The Archies Yes
6%
What was your favorite Christianity-based film of the year? The Blind Yes
6%
What was your favorite dramatic movie of the year? The Color Purple Yes
6%
What was favorite action-oriented film of the year? The Covenant Yes
6%
What was your favorite dramatic movie of the year? The Creator Yes
6%
What was your favorite science fiction movie of the year? The Creator Yes
6%
What was your favorite superhero film of the year? The Flash Yes
6%
What was your favorite criminal film of the year? The Out-Laws Yes
6%
What was your favorite non-English film of the year? The Promised Land Yes
6%
What was your favorite Christianity-based film of the year? The Shift Yes
6%
What was your favorite non-English film of the year? The Wandering Earth II Yes
6%
What was your favorite comedic movie of the year? Trolls Band Together Yes
6%
What was your favorite musical film of the year? Waitress: The Musical Yes
6%
What was your favorite thrilling movie of the year? Beau is Afraid Yes
3%
What was your favorite Disney movie of the year? Indiana Jones and the Dial of Destiny Yes
3%
What was your favorite Netflix movie of the year? Rebel Moon: Part One: A Child of Fire Yes
3%
What was your favorite animated movie of the year? Strays Yes
3%
What was your favorite musical film of the year? The Archies Yes
3%
What was your favorite kids movie of the year? Wish Yes
3%
What was your favorite animated movie of the year? Wish Yes
3%
What was your favorite Disney movie of the year? Wish Yes
3%
What was your favorite musical film of the year? Wish Yes
3%
What was your favorite romantic film of the year? Your Place or Mine Yes
3%
No matching quizzes found
Score Distribution
Percent of People with Each Score
Percentile by Number Answered
Your Score History
You have not taken this quiz